000 00499cam a2200193 a 4500
001 12254938
005 20240129235721.0
008 000915m20009999ii a b 000 0deng
020 _a8186706153
040 _aDLC
_cDLC
_dDLC
082 0 0 _a305.9
_b21
_cLAK.
100 1 _aLakshmi, C. S.,
245 1 0 _aSeven seas & seven mountains :
_cC.S. Lakshmi.
260 _aNew Delhi :
_bKali for Women,
_c2000.
300 _aIiii , 383 p.
650 0 _aWomen musicians
650 0 _aWomen dancers
942 _cL
999 _c217
_d217